000 01267nam a2200337 i 4500
001 000040442
003 DO-SdBNP
005 20250812084531.0
007 ta
008 130826s1998 dr 000 0 spa d
040 _aDO-SdBNP
_bspa
_cBNPHU
_erda
041 _aspa
082 4 _axxx
_bE24
_222
110 1 _aRepública Dominicana
_bUniversidad Autónoma de Santo Domingo
_97249
245 1 3 _aLa educación superior en el siglo XXI :
_bvisión y acción /
264 4 _aSanto Domingo :
_bEditora Universitaria-UASD,
_c©1998.
300 _a[366] páginas ;
_c27 cm.
336 _atexto
_btxt
_2rdacontent
337 _asin mediación
_bn
_2rdamedia
338 _avolumen
_bnc
_2rdacarrier
490 1 _aConferencia magistral
_v2
490 1 _aPublicaciones de la Universidad Autónoma de Santo Domingo
_v892
500 _aIncluye referencias bibliográficas a final de los párrafos
500 _aDocumentos reproducidos por la rectoría de la UASD
500 _aDocumentos de trabajo
500 _aConferencia mundial sobre la educación superior
590 _aInventariado, 2024/ YL
830 0 _aPublicaciones de la Universidad Autónoma de Santo Domingo
_n892
_pColección Conferencia Magistral
_n2
_988480
910 _aYLockward
942 _2ddc
_cLBS1
999 _c39932
_d39932